000 00319nam a22001457a 4500
008 210226b ||||| |||| 00| 0 eng d
020 _a9780813141237
041 _aeng
080 _a61
082 _a61
100 _a3
101 _aSHM
245 _aContemporary Public Health
_cJ.H.D, Lawrence
942 _2udc
_cBK
999 _c55255
_d55255